Úrad priemyselného vlastníctva
Vznik Úradu priemyselného vlastníctva dňom 1. januára 1993 na základe zákona č.2/1993 Z.z. ako ústredného orgánu štátnej správy s kompetenciami bývalého Federálneho úradu pre vynálezy (FÚV). Právomoci Úradu. Pod ochranu Úradu priemyselného vlastníctva patria: 1. Vynálezy, 2. Úžitkové vzory, 3. Priem...
Salvato in:
| Natura: | Capitolo di libro |
|---|---|
| Lingua: | slovacco |
| Soggetti: | |
| Tags: |
Nessun Tag, puoi essere il primo ad aggiungerne!!
|
MARC
| LEADER | 00000naa a2200000 4500 | ||
|---|---|---|---|
| 001 | r016309 | ||
| 005 | 20221213123118.5 | ||
| 041 | 0 | |a slo | |
| 044 | |a SK | ||
| 245 | 1 | 0 | |a Úrad priemyselného vlastníctva |
| 520 | |a Vznik Úradu priemyselného vlastníctva dňom 1. januára 1993 na základe zákona č.2/1993 Z.z. ako ústredného orgánu štátnej správy s kompetenciami bývalého Federálneho úradu pre vynálezy (FÚV). Právomoci Úradu. Pod ochranu Úradu priemyselného vlastníctva patria: 1. Vynálezy, 2. Úžitkové vzory, 3. Priemyselné vzory, 4. Ochranné známky, 5. Topografia polovodičových prvkov, 6. Označenia pôvodu výrobkov. Ochranné organizácie v oblasti autorského práva. | ||
| 610 | 2 | 0 | |a vlastníctvo priemyselné |
| 610 | 2 | 0 | |a právo priemyselné |
| 610 | 2 | 0 | |a Úrad priemyselného vlastníctva SR Bratislava |
| 610 | 2 | 0 | |a vzory priemyselné |
| 610 | 2 | 0 | |a známky ochranné |